Regional Disparities in the Relationship between Economic Growth and Unemployment

Rozdiely vo vzťahu medzi mierou hospodárskeho rastu a zmenami v miere nezamestnanosti vo všetkých regiónoch na úrovni NUTS3 na Slovensku v období 1999 - 2018. Na preskúmanie vzťahu medzi nezamestnanosťou a mierou hospodárskeho rastu použitá medzerová verzia Okunovho zákona. Regionálne rozdiely a zdr...

Ausführliche Beschreibung

Gespeichert in:
Bibliographische Detailangaben
1. Verfasser: Daňová, Monika
Weitere Verfasser: Kravčáková Vozárová, Ivana
Format: Buchkapitel
Sprache:Englisch
Schlagworte:
Tags: Tag hinzufügen
Keine Tags, Fügen Sie das erste Tag hinzu!

MARC

LEADER 00000naa a2200000 4500
001 0264270
005 20200617124653.8
041 0 |a eng 
044 |a CZ 
245 1 0 |a Regional Disparities in the Relationship between Economic Growth and Unemployment  |c Monika Daňová, Ivana Kravčáková Vozárová 
520 |a Rozdiely vo vzťahu medzi mierou hospodárskeho rastu a zmenami v miere nezamestnanosti vo všetkých regiónoch na úrovni NUTS3 na Slovensku v období 1999 - 2018. Na preskúmanie vzťahu medzi nezamestnanosťou a mierou hospodárskeho rastu použitá medzerová verzia Okunovho zákona. Regionálne rozdiely a zdroje týchto rozdielov. 
610 2 0 |a rozdiely regionálne 
610 2 0 |a nezamestnanosť 
610 2 0 |a rast hospodársky 
610 2 0 |a Slovensko 
610 2 0 |a jednotky územné štatistické 
100 1 |a Daňová, Monika 
700 1 |a Kravčáková Vozárová, Ivana